|
|
|
|
| LEADER |
02170nem a2200505 i 4500 |
| 001 |
nkc20172888644 |
| 003 |
CZ PrNK |
| 005 |
20250122115210.0 |
| 007 |
aj canzn |
| 008 |
170407s2017 xr i a 0 cze |
| 015 |
|
|
|a cnb002888644
|
| 020 |
|
|
|a 978-80-87724-77-4
|
| 034 |
1 |
|
|a a
|b 55000
|d E0133415
|e E0141045
|f N0504126
|g N0501226
|
| 040 |
|
|
|a ABA001
|b cze
|e rda
|
| 041 |
0 |
|
|a cze
|a eng
|
| 043 |
|
|
|a e-xr---
|b e-xr-us
|2 czenas
|
| 072 |
|
7 |
|a 913(437)
|x Geografie Česka a Slovenska, reálie, cestování
|2 Konspekt
|9 7
|
| 072 |
|
7 |
|a 912
|x Mapy. Atlasy. Glóby
|2 Konspekt
|9 7
|
| 080 |
|
|
|a 796.61
|2 MRF
|
| 080 |
|
|
|a 913(437.315)
|2 MRF
|
| 080 |
|
|
|a (084.3)796.61
|2 MRF
|
| 100 |
1 |
|
|a Pazdera, Miroslav
|7 ola2013746089
|4 ill
|
| 245 |
1 |
0 |
|a Ručně malovaná mapa Louny a okolí :
|b pro cyklisty = Hand painted map Louny a okolí : for cyclists /
|c malba mapy: Miroslav Pazdera
|
| 246 |
1 |
|
|i Název v tiráži:
|a Louny a okolí
|
| 246 |
3 |
|
|a Ručně malovaná mapa Louny a okolí pro cyklisty
|
| 246 |
3 |
1 |
|a Hand painted map Louny a okolí
|
| 246 |
3 |
1 |
|a Hand painted map Louny a okolí for cyclists
|
| 250 |
|
|
|a I. vydání
|
| 255 |
|
|
|a Měřítko 1:55 000
|c (E 13°34'15"--E 14°10'45"/N 50°41'26"--N 50°12'26")
|
| 264 |
|
1 |
|a Zlín :
|b CBS Nakladatelství,
|c 2017
|
| 300 |
|
|
|a 1 mapa :
|b barevná ;
|c 50 x 76 cm, na listu 60 x 84 cm, složeno na 12 x 22 cm
|
| 336 |
|
|
|a kartografický obraz
|b cri
|2 rdacontent
|
| 337 |
|
|
|a bez média
|b n
|2 rdamedia
|
| 338 |
|
|
|a list
|b nb
|2 rdacarrier
|
| 500 |
|
|
|a Turistické atrakce regionu, na rubu stručný vlastivědný text, cyklistické stezky s výškovými profily, zajímavoasti regionu
|
| 546 |
|
|
|a Český a anglický text
|
| 650 |
0 |
7 |
|a cykloturistika
|7 ph114274
|z Česko
|2 czenas
|
| 651 |
|
7 |
|a Louny (Česko : oblast)
|7 ge129878
|2 czenas
|
| 655 |
|
7 |
|a cykloturistické mapy
|7 fd131996
|2 czenas
|
| 910 |
2 |
|
|a BOA001
|b Mp2-1387.330
|
| 990 |
|
|
|a MP
|
| 995 |
|
|
|a 01
|
| 991 |
|
|
|b 201704
|c NOV
|
| 996 |
6 |
|
|b 2610705496
|c Mp2-1387.330
|l MZK
|r Sklad / do 1 hodiny
|n 0
|p p.v.
|w 001608446
|u 000010
|a 1
|e BOA001
|j MZK50
|s P
|
| 996 |
7 |
|
|b 2610705757
|c Mp2-1387.330
|l MZK
|r Sklad / do 1 hodiny
|n 0
|p dar
|w 001608446
|u 000020
|a 1
|e BOA001
|j MZK50
|s A
|